000 00611nam a22002417a 4500
003 UA-OsUOA
001 16873
007 ta
008 20031103b un ||||| |||| 00| 0 ukr d
100 _aПінчук М.
090 _bП-326
942 _cBK
040 _aUA-OsUOA
_bukr
_cUA-OsUOA
_dUA-OsUOA
245 _aЧому небо плаче...
_bЛірика
300 _a128 с.
955 _a0
041 _aukr
020 _a966-8306-02-3
591 _a84(4Укр)6
260 _aРівне
_bВолинські обереги
_c2003
044 _aUA
650 7 _aКраєзнавча робота
_2UDC
999 _c303040
_d303040